Folklore y escenario: técnicas de montaje en la proyección folklórica
Na minha lista:
| Autor principal: | |
|---|---|
| Formato: | Livro |
| Idioma: | espanhol |
| Publicado em: |
Arica
Vía Magín
1993
|
| Assuntos: | |
| Tags: |
Adicionar Tag
Sem tags, seja o primeiro a adicionar uma tag!
|
MARC
| LEADER | 00000cam a2200000 a 4500 | ||
|---|---|---|---|
| 001 | UCN8794 | ||
| 003 | CL-VaPUC | ||
| 008 | 011116e19930000CL |||||||||||||||||spa|d | ||
| 082 | 0 | 4 | |a 792.025 |b BAR |2 21 |
| 100 | 0 | |a Barrios Alday, F. Patricio |e author |9 465289 | |
| 245 | 1 | 0 | |a Folklore y escenario: técnicas de montaje en la proyección folklórica |
| 300 | |a 54 p | ||
| 942 | |c BK | ||
| 945 | |d 20011116 00:00:00 |a crobeson | ||
| 260 | |a Arica |b Vía Magín |c 1993 | ||
| 650 | 7 | |a REPRESENTACIONES ESCENICAS |2 CL-VaPUC |9 421253 | |
| 650 | 0 | |a Montaje |9 310689 | |
| 650 | 7 | |a FOLKLORE |2 CL-VaPUC |9 268291 | |
| 650 | 0 | |a Artes escénicas |9 318853 | |
| 583 | |a last modification |c 20121106 09:12:35 |k Rodrigo Vera | ||
| 999 | |c 298543 |d 298541 | ||
| 952 | |0 0 |1 0 |4 0 |6 792_025000000000000_BAR_1993 |7 0 |8 X |9 354170 |a FDOMLP |b FDOMLP |d 2019-11-21 |i 3696642 |o 792.025 BAR 1993 |p 3696642 |r 2019-11-21 |w 2019-11-21 |y BK_X |k BU2 | ||
| 952 | |0 0 |1 0 |4 0 |6 792_025000000000000_BAR_1993 |7 0 |8 X |9 354171 |a FDOMLP |b FDOMLP |d 2019-11-21 |i 4920996 |o 792.025 BAR 1993 |p 4920996 |r 2019-11-21 |w 2019-11-21 |y BK_X |k BU2 | ||